[Event "Moehnesee Cup-B"]
[Site "Moehnesee"]
[Date "2005.08.19"]
[Round "2"]
[White "Kissel, Sebastian"]
[Black "Strate, Gerda"]
[Result "1/2-1/2"]
[WhiteElo "1333"]
[BlackElo "1695"]
[PlyCount "92"]
[EventDate "2005.08.18"]
[EventType "swiss"]
[EventRounds "7"]
[EventCountry "GER"]
[SourceTitle "CBM 108 Extra"]
[Source "ChessBase"]
[SourceDate "2005.11.04"]
[SourceVersion "1"]
[SourceVersionDate "2005.11.04"]
[SourceQuality "1"]

1. d4 d5 2. c4 dxc4 3. Nc3 e6 4. a3 Nf6 5. e4 c5 6. Be3 cxd4 7. Qxd4 Be7 8. Qxd8+ Bxd8 9. Bc5 b6 10. Bd6 Ba6 11. Rd1 Nbd7 12. e5 Ng4 13. f4 Ne3 14. Rd2 Bh4+ 15. Ke2 Nxf1 16. Kxf1 Rc8 17. Nf3 Be7 18. Kf2 Nc5 19. Bxc5 Bxc5+ 20. Kg3 Be7 21. Rhd1 Rd8 22. Nd4 h5 23. h4 Rh6 24. Nc6 Rg6+ 25. Kh3 Rxd2 26. Rxd2 f6 27. exf6 Rxf6 28. g3 Rf5 29. Nxa7 Rc5 30. a4 e5 31. fxe5 Rxe5 32. Nc6 Bc8+ 33. Kh2 Re6 34. Nxe7 Rxe7 35. Nd5 Rb7 36. Re2+ Kf7 37. Rf2+ Kg6 38. Re2 Bg4 39. Re4 b5 40. axb5 Rxb5 41. Nf4+ Kh7 42. Rxc4 Rxb2+ 43. Kg1 Rb3 44. Kf2 Bd1 45. Rc5 Kh6 46. Rc6+ Kh7 1/2-1/2

[Event "Moehnesee Cup-B"]
[Site "Moehnesee"]
[Date "2005.08.19"]
[Round "3"]
[White "Kreutz, Daniel"]
[Black "Kissel, Sebastian"]
[Result "0-1"]
[WhiteElo "1659"]
[BlackElo "1333"]
[PlyCount "56"]
[EventDate "2005.08.18"]
[EventType "swiss"]
[EventRounds "7"]
[EventCountry "GER"]
[SourceTitle "CBM 108 Extra"]
[Source "ChessBase"]
[SourceDate "2005.11.04"]
[SourceVersion "1"]
[SourceVersionDate "2005.11.04"]
[SourceQuality "1"]

1. e4 c5 2. Nc3 a6 3. f4 d6 4. Nf3 Nc6 5. d4 cxd4 6. Nxd4 Qc7 7. Be3 Nf6 8. Be2 b6 9. Nxc6 Qxc6 10. Bf3 e5 11. Nd5 Nxd5 12. exd5 Qb5 13. fxe5 dxe5 14. b3 Bd6 15. c4 Qb4+ 16. Bd2 Qc5 17. Qe2 0-0 18. a3 a5 19. Be3 Qc7 20. h3 f5 21. g4 e4 22. Bg2 f4 23. Bd4 f3 24. Qxe4 fxg2 25. Qxg2 Bb7 26. Kd2 Be5 27. Bxe5 Qxe5 28. Rae1 Qb2+ 0-1